[Event "Brantford McMahon op"]
[Site "Brantford"]
[Date "2010.02.04"]
[Round "3"]
[White "Dunk, Russell"]
[Black "Osborne, Christopher"]
[Result "1-0"]
[WhiteElo "1200"]
[BlackElo "1210"]
[PlyCount "59"]
[EventDate "2010.01.21"]
[EventType "swiss"]
[EventRounds "5"]
[EventCountry "CAN"]
[SourceTitle "EXT 2011"]
[Source "ChessBase"]
[SourceDate "2010.11.26"]
[SourceVersion "1"]
[SourceVersionDate "2010.11.26"]
[SourceQuality "1"]

1. d4 d5 2. c4 e6 3. Nc3 Nf6 4. Nf3 Nc6 5. Bf4 Bb4 6. e3 Ne4 7. Qc2 Nxc3 8. bxc3 Bd6 9. Bd3 g6 10. Bg5 Be7 11. cxd5 exd5 12. Bxe7 Qxe7 13. 0-0 0-0 14. Rfe1 Bg4 15. Qe2 Qe6 16. Rab1 b6 17. e4 dxe4 18. Bxe4 Bxf3 19. Qxf3 Nxd4 20. cxd4 Rad8 21. d5 Qd7 22. Red1 Qa4 23. Rd2 Rfe8 24. Re1 f5 25. Rde2 fxe4 26. Rxe4 Rxe4 27. Rxe4 Qxa2 28. h4 Qxd5 29. Re8+ Kg7 30. Qf8# 1-0